| 000 | 01373cam a22003737a 4500 | ||
|---|---|---|---|
| 003 | CHAP | ||
| 005 | 20220817043718.0 | ||
| 008 | 001006d2000 mx r 00110 spa d | ||
| 010 | _a82478 | ||
| 011 | _a83450 | ||
| 035 | _a93963 | ||
| 040 | _cCHAP | ||
| 090 | _aTesis | ||
| 100 | 0 | 0 |
_aRojas García, Mónica. _999307 |
| 245 | 1 | 0 |
_aImpacto y perspectivas del programa kilo por kilo en el estado de Puebla, como instrumento de inducción tecnológica para la producción de granos _c/por Mónica Rojas García |
| 260 |
_aChapingo, Méx. : _bEl autor, _c2000. |
||
| 300 | _a73 h. | ||
| 502 | _aTesis (Ing. Agr. Esp. en Economía Agrícola) -- UACH. División de Ciencias Económico Administrativas | ||
| 590 |
_aALEPH _b10 _c20130110 _lUCH01 _h1438 |
||
| 590 |
_aBATCH-UPD _b10 _c20130110 _lUCH01 _h0711 |
||
| 590 |
_aBATCH-UPD _b10 _c20130410 _lUCH01 _h0357 |
||
| 590 |
_aBATCH-UPD _b10 _c20130914 _lUCH01 _h1755 |
||
| 590 |
_aCONVERSION _b10 _c20130109 _lUCH01 _h1346 |
||
| 650 | 1 | 4 |
_aAgricultura _xInnovaciones tecnológicas. _91565 |
| 650 | 1 | 4 |
_aMaíz _xRendimiento. _971051 |
| 650 | 1 | 4 |
_aMaíz _zPuebla. |
| 650 | 1 | 4 |
_aSorgo _xPuebla. _9108713 |
| 650 | 1 | 4 |
_aSorgo _xRendimiento. _9108714 |
| 901 | _aBK | ||
| 905 | _aLilia Sánchez G. | ||
| 942 | _cFOLL | ||
| 949 |
_bBC _cTES _d33724000806964 _eTS2 _fc.2 _h37126 _i93963 _sb |
||
| 949 |
_bBC _cTES _d939631 _eTS1 _h37125 _i93963 _sb |
||
| 999 |
_c82478 _d82478 |
||